Estructura de computadores y perifericos / Rafael Martínez Dura, José A. Boluda Grau, Juan J. Pérez Solano (Registro nro. 19198)
[ vista simple ]
| 000 -LÍDER | |
|---|---|
| fixed length control field | 00581nam a2200157 4500 |
| 008 - ELEMENTOS DE LONGITUD FIJA -- INFORMACIÓN GENERAL | |
| fixed length control field | 0 2001 0a 000 0Mex |
| 020 ## - NÚMERO INTERNACIONAL NORMALIZADO PARA LIBROS | |
| ISBN | 970-15-0690-1 |
| 050 ## - SIGNATURA TOPOGRAFICA DE LA BIBLIOTECA DEL CONGRESO (LC) | |
| Número de Clasificación | QA76.9.A73 M37 2001 |
| 082 ## - NUMERO DE CLASIFICACION DECIMAL DEWEY | |
| Número de Clasificación | 001.64 M382 |
| 100 ## - ASIENTO PRINCIPAL--NOMBRE PERSONAL | |
| Nombre personal | Martínez Durá, Rafael J. |
| 245 ## - TÍTULO | |
| Título | Estructura de computadores y perifericos / Rafael Martínez Dura, José A. Boluda Grau, Juan J. Pérez Solano |
| 260 ## - PUBLICACIÓN, DISTRIBUCIÓN, ETC. (PIE DE IMPRENTA) | |
| Lugar de publicación, distribución, etc. | México : Alfaomega |
| 300 ## - DESCRIPCIÓN FÍSICA | |
| Extensión | xxi, 374 p. / 24 cm. |
| 650 ## - ASIENTO SECUNDARIO DE MATERIA - TERMINO TEMÁTICO | |
| Término temático o nombre geográfico como elemento de entrada | 1. ARQUITECTURA DE COMPUTADORAS |
| 700 ## - ASIENTO SECUNDARIO - NOMBRE PERSONAL | |
| Nombre personal | I. Boluda Grau, José A. coaut. II. Pérez Solano Juan J, coaut. |
| No. biblioteca | No. biblioteca | Número de clasificación | Código de barras/Número de adquisición | Número de copia | Tipo de material |
|---|---|---|---|---|---|
| LUIS G. INCLAN | LUIS G. INCLAN | 001.64 M382 | 46156 | 1 | Libros |
| LUIS G. INCLAN | LUIS G. INCLAN | 001.64 M382 | 46157 | 2 | Libros |
